| 000 | 00444nam a22001577a 4500 | ||
|---|---|---|---|
| 003 | OSt | ||
| 005 | 20220916192147.0 | ||
| 008 | 220916b |||||||| |||| 00| 0 eng d | ||
| 040 | _cBiblioteca Lado V | ||
| 082 |
_a708 _bN322d |
||
| 100 |
_aNavarro, Mario _ecurador |
||
| 245 | _aDomestico/ | ||
| 260 |
_aChile _bMuseo de Arte Contemporáneo de Valdivia _c1999 |
||
| 300 |
_a15p. _c14x20cm |
||
| 942 |
_2ddc _c1 _h708 _iN322d _n0 |
||
| 999 |
_c2073 _d2073 |
||